Metodología de la investigación / (Registro nro. 18796)

Detalles MARC
000 -CABECERA
Campo de control 00808cam a2200229 4500
005 - FECHA Y HORA DE LA ULTIMA TRANSACCION
Campo de control 20160613111148.0
008 - ELEMENTOS DE LONGITUD FIJA—INFORMACION GENERAL
Campo de control 020704s2002 ck a r 00010dspa d
020 ## - ISBN
ISBN 9583009407
040 ## - FUENTE DE CATALOGACIÓN
Agencia catalogadora original la
Agencia transcriptora la
Agencia Modificadora CO-BoIAVH
041 0# - IDIOMA
Código de idioma para texto/pista de sonido o título separado Español
044 ## - PAÍS DE PUBLICACIÓN
País de publicación Colombia
082 04 - NUMERO DE CLASIFICACION DECIMAL DEWEY
Número de clasificación 001.42
Número del ítem M47m
100 1# - ASIENTO PRINCIPAL--NOMBRE PERSONAL
Nombre personal Mayorga Rodríguez, Carolina.
Término relacionado autora
9 (RLIN) 71721
245 10 - MENCION DE TITULO
Título Metodología de la investigación /
Mención de responsabilidad Carolina Mayorga Rodríguez ; Editado por Mireya Fonseca Leal.
260 ## - PUBLICACION, DISTRIBUCION, ETC. (PIE DE IMPRENTA)
Lugar de publicación, distribución, etc. Bogotá :
Nombre del editor, distribuidor, etc. Panamericana Editorial,
Fecha de publicación, distribución, etc. 2002.
300 ## - DESCRIPCION FISICA
Extensión 127 páginas :
Otros detalles físicos ilustraciones ;
Dimensiones 23 x 17 cm.
504 ## - NOTA DE BIBLIOGRAFIA, ETC.
Nota de bibliografía Incluye referencias bibliográficas.
650 16 - ASIENTO SECUNDARIO DE MATERIA - TERMINO TEMATICO
Término temático o nombre geográfico como elemento de entrada Metodología científica
9 (RLIN) 71722
650 26 - ASIENTO SECUNDARIO DE MATERIA - TERMINO TEMATICO
Término temático o nombre geográfico como elemento de entrada Investigación
Subdivisión general Enseñanza
9 (RLIN) 71723
700 1# - ASIENTO SECUNDARIO - NOMBRE PERSONAL
Nombre personal Fonseca Leal, Raquel Mireya,
Término de relación editora
9 (RLIN) 71724
942 ## - ELEMENTOS ADICIONALES (KOHA)
Sistema de clasificación Dewey Decimal Classification
Tipo de ítem Libro
Existencias
Withdrawn status Lost status Sistema de Clasificación Damaged status No para préstamo Colección Inventariado Ubicación Permanente Ubicación actual Fecha de adquisición Fuente de Valor Total Checkouts Número topográfico Inventario / Código de Barras Date last seen Ejemplar Price effective from Forma de adquisición Tipo de material
    Dewey Decimal Classification     General Inventariado 2017 Bogotá Bogotá 13/06/2016 Amazon   LB-001.42 M47m 040449 13/06/2016 Ej. 1 13/06/2016 Donación Libro